Niektoré modely ekonomického rastu
Východiskové podmienky pre najjednoduchšie rastové modely. Formulácia a riešenie modelu so spojitým časom. Model s multiplikátorom - akcelerátorom. Nespojitý (diskrétny) postup.
Enregistré dans:
| Auteur principal: | |
|---|---|
| Format: | Chapitre de livre |
| Langue: | slovaque |
| Sujets: | |
| Tags: |
Pas de tags, Soyez le premier à ajouter un tag!
|
MARC
| LEADER | 00000nla$a2200000$$$4500 | ||
|---|---|---|---|
| 001 | 0051061 | ||
| 005 | 20240502071607.3 | ||
| 041 | 0 | |a slo | |
| 044 | |a SK | ||
| 245 | 1 | 0 | |a Niektoré modely ekonomického rastu |c Rastislav Jurga |
| 520 | |a Východiskové podmienky pre najjednoduchšie rastové modely. Formulácia a riešenie modelu so spojitým časom. Model s multiplikátorom - akcelerátorom. Nespojitý (diskrétny) postup. | ||
| 610 | 2 | 0 | |a rast hospodársky |
| 610 | 2 | 0 | |a modely rastu |
| 610 | 2 | 0 | |a výrobky |
| 610 | 2 | 0 | |a sily pracovné |
| 610 | 2 | 0 | |a koeficient kapitálový |
| 100 | 1 | |a Jurga, Rastislav | |